Latin America's journey to the market (Record no. 542273)

000 -LEADER
fixed length control field 00356nam a22001337a 4500
020 ## - INTERNATIONAL STANDARD BOOK NUMBER
International Standard Book Number 1558153454
082 ## - DEWEY DECIMAL CLASSIFICATION NUMBER
Classification number 338.98
Author Mark NAT
-- D
245 ## - TITLE STATEMENT
Title Latin America's journey to the market
260 ## - PUBLICATION, DISTRIBUTION, ETC.
Place of publication, distribution, etc. Washington
Name of publisher, distributor, etc. The world bank
Date of publication, distribution, etc. 1995
300 ## - PHYSICAL DESCRIPTION
Extent 45 p. :
Other physical details ill, ;
Dimensions 20 cm.
526 ## - STUDY PROGRAM INFORMATION NOTE
Program name 0
Interest level 0
Reading level 0
Title point value 338_980000000000000_NAT
650 ## - SUBJECT ADDED ENTRY--TOPICAL TERM
Topical term or geographic name entry element MCE
9 (RLIN) 379
942 ## - ADDED ENTRY ELEMENTS (KOHA)
Source of classification or shelving scheme
Koha item type Book
Holdings
Withdrawn status Lost status Source of classification or shelving scheme Damaged status Not for loan Permanent Location Current Location Date acquired Total Checkouts Full call number Barcode Date last seen Copy number Price effective from Koha item type
          Military College of Engineering (MCE) Military College of Engineering (MCE) 09/30/2013   338.98 NAT MCE-42223 09/30/2013 1 09/30/2013 Book
© 2023 Central Library, National University of Sciences and Technology. All Rights Reserved.